| 000 | 00392pab a2200145 454500 | ||
|---|---|---|---|
| 008 | 180718b1988 xxu||||| |||| 00| 0 eng d | ||
| 100 | _aMartin, Daniel W. | ||
| 245 | _aThe feding legacy of Woodrow Wilson | ||
| 260 | _c1988 | ||
| 300 | _a631-6 | ||
| 362 | _aMar.-Apr. | ||
| 650 | _aWilson, Woodrow - Criticism and Interpretation | ||
| 773 | _aPublic Administration Review | ||
| 909 | _a20723 | ||
| 999 |
_c20723 _d20723 |
||